书目信息 |
| 题名: |
逝物录
|
|
| 作者: | 沙朗斯基 著 ;陈早 译 | |
| 分册: | ||
| 出版信息: | 北京 中信出版集团 2020 |
|
| 页数: | 254页 | |
| 开本: | 21cm | |
| 丛书名: | ||
| 单 册: | ||
| 中图分类: | I516.65 | |
| 科图分类: | ||
| 主题词: | 散文集--san wen ji--德国--现代 | |
| 电子资源: | ||
| ISBN: | 978-7-5217-1375-6 | |
| 000 | 01086nam0 2200265 450 | |
| 001 | 2138479521 | |
| 005 | 20211113104124.33 | |
| 010 | @a978-7-5217-1375-6@b精装@dCNY68.00 | |
| 100 | @a20200428d2020 em y0chiy50 ea | |
| 101 | 1 | @achi@cger |
| 102 | @aCN@b110000 | |
| 105 | @aa z 000cy | |
| 200 | 1 | @a逝物录@Ashi wu lu@f(德) 尤迪特·沙朗斯基著@d= Verzeichnis einiger Verluste@fJudith Schalansky@g陈早译@zger |
| 210 | @a北京@c中信出版集团@d2020 | |
| 215 | @a254页@c图@d21cm | |
| 300 | @a歌德学院全额翻译资助 | |
| 306 | @a本书限中国大陆发行 | |
| 330 | @a本书记录了12件已在地球上永远消逝的事物:图阿纳基、里海虎、萨切蒂别墅、萨福的爱之诗、摩尼七经、基瑙的月面学等,这些逝物横跨艺术、动物、建筑、宗教、文学等。作者通过文字与图像的编织,建构起虚实之间的诗意,让人重新审视人类文明的得与失。 | |
| 500 | 10 | @aVerzeichnis einiger Verluste@mChinese |
| 606 | 0 | @a散文集@Asan wen ji@y德国@z现代 |
| 690 | @aI516.65@v5 | |
| 701 | 1 | @a沙朗斯基@Asha lang si ji@g(Schalansky, Judith),@f1980-@4著 |
| 702 | 0 | @a陈早@Achen zao@4译 |
| 801 | 0 | @aCN@bBP@c20200428 |
| 905 | @aZUCC@dI516.65@e10 | |
| 逝物录/(德) 尤迪特·沙朗斯基著= Verzeichnis einiger Verluste/Judith Schalansky/陈早译.-北京:中信出版集团,2020 |
| 254页:图;21cm |
| 歌德学院全额翻译资助 |
| ISBN 978-7-5217-1375-6(精装):CNY68.00 |
| 本书记录了12件已在地球上永远消逝的事物:图阿纳基、里海虎、萨切蒂别墅、萨福的爱之诗、摩尼七经、基瑙的月面学等,这些逝物横跨艺术、动物、建筑、宗教、文学等。作者通过文字与图像的编织,建构起虚实之间的诗意,让人重新审视人类文明的得与失。 |
| ● |
| 相关链接 |
|
|
|
正题名:逝物录
索取号:I516.65/10
 
预约/预借
| 序号 | 登录号 | 条形码 | 馆藏地/架位号 | 状态 | 备注 |
| 1 | 2000882611 | 2000882611 | 第一书库/ [索取号:I516.65/10] | 在馆 | |
| 2 | 2000882612 | 2000882612 | 第一书库/ [索取号:I516.65/10] | 在馆 | |
| 3 | 2000882613 | 2000882613 | 第一书库/ [索取号:I516.65/10] | 在馆 |